书目信息 |
| 题名: |
应用高等数学
|
|
| 作者: | 希尔德布兰德 著 ;陈绶章 , 张志强 译 | |
| 分册: | 中册 | |
| 出版信息: | 北京 人民教育出版社 1980 |
|
| 页数: | 362页 | |
| 开本: | 20cm | |
| 丛书名: | ||
| 单 册: | ||
| 中图分类: | O29 | |
| 科图分类: | ||
| 主题词: | 应用数学:高等数学 , 高等数学:应用数学 | |
| 电子资源: | ||
| ISBN: | ||
| 000 | 00757nam0 2200253 45 | |
| 001 | 0180006810 | |
| 005 | 20060815110401.70 | |
| 010 | @dCNY1.05 | |
| 091 | @a13012.0454 | |
| 100 | @a19960215d1980 em y0chiy0121 ea | |
| 101 | 1 | @achi@ceng |
| 102 | @aCN@b110000 | |
| 105 | @ay z 000yy | |
| 200 | 10 | @a应用高等数学@Aying yong gao deng shu xue@h中册@f(美)希尔德布兰德著@F(mei)xi er de bu lan de zhu@g陈绶章,张志强译 |
| 210 | @a北京@c人民教育出版社@d1980 | |
| 215 | @a362页@d20cm | |
| 606 | @a应用数学:高等数学 | |
| 606 | @a高等数学:应用数学 | |
| 690 | @aO29@v3 | |
| 701 | 0 | @a希尔德布兰德@Axi er de bu lan de@4著 |
| 702 | 0 | @a陈绶章@Achen shou zhang@4译 |
| 702 | 0 | @a张志强@Azhang zhi qiang@4译 |
| 801 | 0 | @aCN@bNLC@c20060815 |
| 905 | @dO29@e11:2 | |
| 应用高等数学.中册/(美)希尔德布兰德著/陈绶章,张志强译.-北京:人民教育出版社,1980 |
| 362页;20cm |
| ISBN :CNY1.05 |
| ● |
| 相关链接 |
|
|
|
|
正题名:应用高等数学
索取号:O29/11:2
 
预约/预借
| 序号 | 登录号 | 条形码 | 馆藏地/架位号 | 状态 | 备注 |
| 1 | 0039738 | 202197327 | 密集书库/ [索取号:O29/11:2] | 在馆 | |
| 2 | 0039739 | 001446723 | 第三借阅区/ [索取号:O29/11:2] | 在馆 | |
| 3 | 0039740 | 001446652 | 第三借阅区/ [索取号:O29/11:2] | 在馆 | |
| 4 | 0039741 | 202197283 | 密集书库/ [索取号:O29/11:2] | 在馆 | |
| 5 | 0039742 | 001446563 | 第二样本阅览室/ [索取号:O29/11:2] | 在馆 | |
| 6 | 0039743 | 001446616 | 第三借阅区/ [索取号:O29/11:2] | 在馆 | |
| 7 | 0039744 | 202197443 | 密集书库/ [索取号:O29/11:2] | 在馆 | |
| 8 | 0039745 | 202197247 | 密集书库/ [索取号:O29/11:2] | 在馆 | |
| 9 | 0039746 | 202197363 | 密集书库/ [索取号:O29/11:2] | 在馆 | |
| 10 | 0039747 | 202197407 | 密集书库/ [索取号:O29/11:2] | 在馆 | |
| 11 | 0429863 | 204298633 | 密集书库/ [索取号:O29/11:2] | 在馆 | |
| 12 | 0455254 | 204552545 | 密集书库/ [索取号:O29/11:2] | 在馆 | |
| 13 | 0455255 | 204552554 | 密集书库/ [索取号:O29/11:2] | 在馆 | |
| 14 | 0455256 | 204552563 | 密集书库/ [索取号:O29/11:2] | 在馆 | |
| 15 | 0460226 | 204602260 | 密集书库/ [索取号:O29/11:2] | 在馆 |